1377 1570 1415 1353 1573 1391 1419 1483 1299 1098 1388 1301 1953 1728 1128 1730 1303 1937 1549 1834 1468 1523 1628 1382 1613 1436 1701 1570 1905 1592 1522 1538 1623 1543 1765 1293 1600 1119 1822 1154 1982 1435 1328 1335 1304 1266 1249 1652 1279 1043 1571 1276 1152 1398 1898 1409 1143 1561 1850 1704 1823 1981 1775 1944 1827 1098 1322 1568 1771 1449 1518 1547 1703 1132 1003 1707 1808 1898 1319 1637 1827 1543 1108 1625 1076 1548 1933 1256 1202 1187 1226 1031 1581 1616 1770 1046 1987 1747 1701 BCNSPRNW ULIB Ver.6.0+V

เปลี่ยนเป็นภาษาไทย

Change to English
 แสดงรายละเอียดบรรณานุกรม
  กลับหน้าหลัก

Brief Record : Get Marc (ISO 2709) : E-mail record : QR code < ปิดหน้าต่าง
LEADER : 00000nam 2200000uu 4500
001    13399113613
003     ULIB
008    111201s2551||||th 000 0 tha d
020    ^a9789740674641
090    ^aนว.^bณ410ก 2551
100 0  ^aณารา
245 00 ^aกาลเวลา สงคราม ความรัก 3 ตอน ทายาทแห่งมาซิดอน/^cณารา
250    ^aพิมพ์ครั้งที่ 1
260    ^aกรุงเทพฯ :^bพิมพ์คำ,^c2551
300    ^a552 หน้า
710 1  ^aพิมพ์คำ
945    ^p300^l0^i16169
995    ^aกัณชพร
999    ^aใช้งานได้ทุกระบบ
รายการนี้ยังไม่มีแท็ก
คุณยังไม่ได้ล็อกอิน คุณสามารถมีกิจกรรมร่วมกับเว็บไซต์ได้ แต่ต้องล็อกอินก่อน ::
  ล็อกอิน

รายการสื่อสารสนเทศ

ลำดับที่ ประเภท เลขเรียก/บาร์โค้ด สถานที่ สถานะ
1. นวนิยาย
นวนิยาย
นว. ณ410ก 2551 ฉ.1 
  Barcode: 16169
ห้องสมุดวิทยาเขตสวรรค์ประชารักษ์
►นวนิยาย
บนชั้น
  ขอยืม

รายการใกล้เคียง
    ผู้แต่ง [ณารา]

BibComment


ยังไม่เคยถูกคอมเมนท์

คอมเมนท์ทรัพยากรรายการนี้
  คอมเมนท์: กาลเวลา สงคราม ค..


 Copyright 2026. Bcnsprnw @Library